Κατάλογος Βιβλιοθηκών Mediterranean College

Αναπαραστάσεις της Θηλυκότητας / Φεμινιστικές Προσεγγίσεις (Record no. 333)

MARC details
000 -LEADER
fixed length control field 01461cam a22001694a 4500
005 - ΗΜΕΡΟΜΗΝΙΑ ΚΑΙ ΩΡΑ ΤΕΛΕΥΤΑΙΑΣ ΕΝΗΜΕΡΩΣΗΣ
Πεδίο ελέγχου 20250605163222.0
008 - FIXED-LENGTH DATA ELEMENTS--GENERAL INFORMATION
Πεδίο ελέγχου σταθερού μήκους 250528s ||||||||||||||||||||||||d
035 ## - SYSTEM CONTROL NUMBER
System control number 14712
040 ## - ΠΗΓΗ ΚΑΤΑΛΟΓΟΓΡΑΦΗΣΗΣ
Φορέας πρωτότυπης καταλογογράφησης MC Athens Campus Library
Γλώσσα καταλογογράφησης Ελληνικά, Μοντέρνα (1453-)
Modifying agency MC Athens Campus Library
Κανόνες περιγραφικής καταλογογράφησης AACR2
245 1# - ΤΙΤΛΟΣ ΚΑΙ ΔΗΛΩΣΗ ΥΠΕΥΘΥΝΟΤΗΤΑΣ
Τίτλος Αναπαραστάσεις της Θηλυκότητας / Φεμινιστικές Προσεγγίσεις
260 ## - PUBLICATION, DISTRIBUTION, ETC.
Name of publisher, distributor, etc. Κέντρο Έρευνας Και Τεκμηρίωσης,
Date of publication, distribution, etc. 1994
300 ## - PHYSICAL DESCRIPTION
Extent 72
520 ## - SUMMARY, ETC.
Summary, etc. Αναπαραστάσεις της Θηλυκότητας: Μια Σύντομη Εισαγωγή σε Προσεγγίσεις και Προβλήματα, Μεταλλασσόμενος Οιδίποδας: Ψυχανάλυση και Φεμινισμός και οι Νέες Τεχνολογίες Αναπαραγωγής, Η Ανατομία της Ενοχής: Αναπαραστάσεις Θηλυκότητας, Αναπαραστάσεις της Θηλυκότητας στην Ελληνική Γυναικεία Λογοτεχνία: Καλείται να Μιλήσει ο Ερμαφρόδιτος του Λούβρου, Φεμινιστική Κριτική των Μέσων Μαζικής Επικοινωνίας και η Δυσκολία Ανάλυσης των Γυναικείων Περιοδικών, Η Πόλη: Ένας Χώρος για τις Γυναίκες, Λίγα Λόγια για τις Εισηγήτριες.
942 ## - ADDED ENTRY ELEMENTS (KOHA)
Koha item type Books
Holdings
Τύπος τεκμηρίου Βιβλιοθήκη Τρέχουσα τοποθεσία Barcode Αριθμός εισαγωγής Ημερομηνία απόκτησης Ταξιθετικό σύμβολο Αριθμός αντιτύπου Κατάσταση απόσυρσης Κατάσταση χαμένου Κατάσταση κατεστραμμένου Μη δανεισμός Σύνολο δανεισμών Ημερομηνία τελευταίας εμφάνισης Η τιμή ισχύει από
Books MC Athens Campus Library MC Athens Campus Library 9780000003324 3988 05/06/2025 155.333 KET 1           05/06/2025 05/06/2025

MC Athens Campus Library
Πατησίων 94 & Κοδριγκτώνος 13, 104 34
Πελλήνης 8 & Πατησίων 107, 112 51
Τ: +30 210 8899600

MC Thessaloniki Campus Library
Ίωνος Δραγούμη 21, 54625 | Ίωνος Δραγούμη 15, 54625
Τ: +30 2310 287779 – Τ: +30 2314 440300